000 00728nam a22002177a 4500
005 20150707161302.0
008 140714b xxu||||| |||| 00| 0 Urdu d
010 _aUR-9170
020 _c260.00
035 _aU-7725
037 _bBPPD/Pub/Ven
040 _aDPL
_bUrdu
082 _a840.42
100 _aعز يز اللہ شير ا نی
245 _aا د بيا ت ر ا جستھا ن
_cعز يز اللہ شير ا نی
246 h _aAdabiat-e-Rajisthan
_bBy Azizullah Sherani
260 _bAzizullah Sherani
_c2012
_aRajisthan
270 _aFarhat Manzil,Kali Paltan,Near Kuan Dewanji Tonk
_bRajisthan
_k9214984819
_e304001
300 _a350ص
_c22Cm (Hb)
942 _2ddc
_cUR
_e
_h844.808
_mع ز ی
999 _c94717
_d94717